000 00822nam a2200313Ia 4500
001 7970
005 20240113234044.0
007 ta
008 050714s1959 a g b000 u eng u
020 _cHB
040 _aCotton College,Assam
041 _aeng
082 _a821.09
_bUn 8 R
100 _aUnterecker, John .
245 0 _aA Reader`s Guide to William Butler Yeats /
_cJohn Unterecker.
_hTextual Documents
250 _a1st ed. /
260 _asl :
_bThames & Hudson ,
_c1959.
300 _a305p. :
_bill ;
_c21cm .
504 _aIndex
653 _aEnglish poetry-Criticism
653 _aYeats, William Butler-Criticism
653 _aYeats-Criticism
653 _aPG-English
653 _aMS-English
942 _2ddc
_cBK
999 _c7957
_d7957